|
|
|
|
| LEADER |
01269nam a2200253 a 4500 |
| 003 |
GR-PaULI |
| 005 |
20210224092117.0 |
| 008 |
910823s1992 enk f b 101 0 eng d |
| 952 |
|
|
|0 0
|1 0
|2 ddc
|4 0
|6 069_500000000000000_MUS
|7 0
|9 235130
|a LISA
|b LISA
|c BSC
|d 2019-09-16
|i 2300
|l 0
|o 069.5 MUS
|p 025000263587
|r 2019-09-16 00:00:00
|t 1
|w 2019-09-16
|y BK15
|
| 999 |
|
|
|c 142510
|d 142510
|
| 020 |
|
|
|a 9780415071291
|
| 020 |
|
|
|a 0415071291
|
| 040 |
|
|
|a GR-PaULI
|b gre
|c GR-PaULI
|d GR-AiPI
|e AACR2
|
| 082 |
0 |
4 |
|a 069.5
|2 23
|
| 245 |
0 |
0 |
|a Museums 2000 :
|b politics, people, professionals, and profit /
|c edited by Patrick J. Boylan.
|
| 260 |
|
|
|a London ;
|a New York :
|b Museums Association in conjunction with Routledge,
|c 1992.
|
| 300 |
|
|
|a vii, 203 σ. ;
|c 24 εκ.
|
| 500 |
|
|
|a Proceedings of a Museums Association conference held in London, May 1989, celebrating the Association's centenary.
|
| 504 |
|
|
|a Περιλαμβάνει βιβλιογραφικές παραπομπές και ευρετήριο.
|
| 650 |
|
4 |
|a Μουσεία
|x Διοίκηση και οργάνωση
|9 9904
|
| 650 |
|
4 |
|a Πολιτιστική κληρονομιά
|x Προστασία
|9 78990
|
| 700 |
1 |
|
|a Boylan, Patrick J.
|9 177863
|e επιμελητής.
|
| 942 |
|
|
|2 ddc
|c BK15
|
| 998 |
|
|
|c ΛΟΥΚΟΠΟΥΛΟΥ
|d 2019-09
|